000 00688nam a2200181 i 4500
001 37995
003 ES-MaACL
005 20230906155657.0
007 t|
008 030224s1969 sp ||||1| spa d
080 _a332.21(460.224 Z.)
110 2 _aCaja de Ahorros y Monte de Piedad de Zaragoza, Aragón y Rioja.
_92326
245 1 0 _aMemoria del ejercicio 1968 /
_cCaja de Ahorros y Monte de Piedad de Zaragoza, Aragón y Rioja.
260 _a[Zaragoza :
_bs.n.,
_c1969] (
_fImp. Tipo Línea)
300 _a60 p., 4 gráf., 8 lám. col., 38 lám. ;
_c23 cm.
610 2 4 _aCaja de Ahorros y Monte de Piedad de Zaragoza, Aragón y Rioja-
_vMemorias.
_9170446
852 _aES-MaACL
_jC-46707
999 _c37995
_d37995